000 00395nam a2200157Ia 4500
008 230917s9999||||xx |||||||||||||| ||und||
040 _e152851
_aMAIN
041 _aEnglish
082 _a346.035 J199I(12)
100 _aJain, J D
245 0 _aIndian Easements Act (Act No. 5 of 1882)
250 _a12th ed.
260 _aAllahabad
_bAllahabad Law Agency
300 _a200 p.
942 _cBK
999 _c137388
_d137388